000 00747nam a22001817a 4500
999 _c59211
_d59211
003 Ge_BSU
005 20221214133629.0
008 221214s1979ge xxu||||| |||| 00| 0 geo d
041 _ageo
080 _a792(=353.1) ბ-99
100 _aბუხნიკაშვილი, გ., ავტ.
_916402
245 _aბათუმის თეატრი /
_cგ.ბუხნიკაშვილი, რედ. ნ.შვანგირაძე
264 _aთბილისი :
_bსაქ. თეატრ. საზ-ბა,
_c1979.
300 _a225 გვ. ;
_b 22 სმ.
653 _aქართული თეატრი.
700 _aშვანგირაძე, ნ
_eრედაქტორი
_916403
942 _2udc
_cBK